No One Mourns the Wicked - Wicked Lyrics - Statistics

General Stats
  • This quiz has been taken 437 times
  • The average score is 300 of 457
Answer Stats
Answer % Correct
go
98%
Good
98%
good
98%
the
98%
wicked
98%
I
97%
a
96%
dead
96%
is
96%
she
95%
witch
95%
no
94%
on
94%
news
93%
of
92%
we
92%
mourns
90%
one
90%
she's
90%
it
89%
know
88%
goodness
87%
all
86%
be
86%
us
86%
and
84%
ever
84%
who
84%
you
84%
was
83%
in
82%
alone
81%
west
81%
there
80%
die
79%
it's
79%
Oz
79%
that
79%
here
78%
their
78%
to
78%
knows
77%
let
77%
Glinda
76%
they
76%
when
73%
wickedest
72%
cry
71%
grave
71%
look
71%
are
70%
enemy
70%
glad
70%
lives
70%
your
70%
grateful
69%
lily
69%
what
68%
evil
67%
just
67%
by
66%
our
66%
so
66%
will
66%
lonely
65%
you're
65%
do
64%
only
64%
cries
63%
have
63%
lays
63%
left
63%
for
62%
man
62%
out
62%
could
61%
nice
61%
children
60%
conquer
60%
isn't
60%
won't
60%
own
58%
return
58%
learn
57%
shows
57%
had
56%
subdue
56%
workings
56%
gone
55%
through
55%
miss
54%
Miss
54%
green
52%
misbehave
52%
truth
52%
father
50%
my
50%
rejoicify
50%
scorns
49%
does
48%
drink
48%
mother
48%
born
47%
night
47%
another
46%
as
46%
that's
46%
them
46%
wickedness
46%
me
45%
how
44%
lie
44%
or
44%
I'm
43%
why
43%
beauty
42%
been
42%
dark
42%
leave
42%
like
42%
people
42%
upon
42%
come
41%
many
41%
eyed
40%
little
40%
after
39%
heart
39%
way
39%
but
38%
childhood
38%
happen
38%
hate
38%
question
38%
reap
38%
thrust
38%
yes
38%
family
37%
Galinda
37%
munchkinland
37%
town
37%
we'll
37%
well
37%
more
36%
can
35%
elixir
35%
got
35%
sight
35%
alright
34%
governor
34%
I've
34%
oh
34%
secrets
34%
baby
33%
died
33%
nothing
33%
appointed
31%
down
31%
every
31%
ourselves
30%
outlive
30%
while
30%
follow
29%
mixer
29%
see
29%
believe'll
26%
led
26%
often
26%
lady
25%
off
25%
dear
24%
now
24%
at
23%
mean
22%
unnaturally
22%
cabbage
21%
coming
21%
curl
21%
nose
21%
swallow
21%
take
21%
they've
21%
away
20%
different
20%
sown
20%
assembly
19%
healthy
19%
lovely
18%
easy
17%
froggy
17%
couldn't
16%
obscene
16%
perfect
15%
uncanny
15%
from
14%
last
13%
sweet
13%
joy
11%
ferny
10%
land
10%
moment
10%
there's
10%
those
8%
those)
8%
woe
6%
(woe
6%
ooh
5%
shown
5%
spurn
5%
think
3%
goodnesses
2%
one mourns
2%
groqs
1%
thoughout
1%
No matching quizzes found
Score Distribution
Percent of People with Each Score
Percentile by Number Answered
Your Score History
You have not taken this quiz